000 00579nam a2200217 a 4500
001 BRL_855
005 20190320210927.0
008 181013s1964----mx-#######---#000-1#spa-#
041 _aspa
044 _amx
050 4 _aPQ7297
_b.C37 1964
100 1 _aCastellanos, Rosario
_925144
245 1 0 _aLos convidados de agosto
_cRosario Castellanos.
260 _aMéxico
_bEdiciones Era
_c1964
300 _a169 p.
_c20 cm.
440 0 _aLetras Latinoamericanas
_v4
_925145
500 _aAu952
650 1 4 _aLiteratura mexicana
_ySiglo XX
_925146
902 _aGRL
942 _2lcc
_cB
999 _c9667
_d9667